| Поле | Название | Значение |
| |
Тип записи |
a |
| |
Библиографический уровень |
m |
| 001 |
Контрольный номер |
58ffe26bed3a44a6af6e8689bebdfb63 |
| 005 |
Дата корректировки |
20160720161956.1 |
| 010 |
Индекс ISBN |
__ |
| a |
ISBN |
978-5-394-02522-8 |
| 101 |
Язык документа |
0_ |
| a |
Язык текста |
rus |
| 102 |
Страна публикации |
__ |
| a |
Страна публикации |
RU |
| 200 |
Заглавие и сведения об ответственности |
1_ |
| a |
Заглавие |
Организация и технология документационного обеспечения управления |
| b |
Общее обозначение материала |
Текст |
| e |
Сведения, относящиеся к заглавию |
учеб. пособие для бакалавров |
| f |
Первые сведения об ответственности |
М. В. Ватолина |
| 210 |
Выходные данные |
1_ |
| a |
Место издания |
Москва |
| c |
Издательство |
Дашков и К |
| 210 |
Выходные данные |
1_ |
| a |
Место издания |
Ростов н/Д |
| c |
Издательство |
Наука-Спектр |
| d |
Дата издания |
2015 |
| 215 |
Физическое описание |
__ |
| a |
Объем |
320 с. |
| 610 |
Ключевые слова |
0_ |
| a |
Ключевые слова |
унификация |
| 610 |
Ключевые слова |
0_ |
| a |
Ключевые слова |
документация |
| a |
Ключевые слова |
документационное обеспечение |
| 610 |
Ключевые слова |
0_ |
| a |
Ключевые слова |
делопроизводство |
| 610 |
Ключевые слова |
0_ |
| a |
Ключевые слова |
сроки |
| a |
Ключевые слова |
хранение |
| a |
Ключевые слова |
положение |
| 686 |
Индексы других классификаций |
__ |
| a |
Классификационный индекс |
65.050 |
| 686 |
Индексы других классификаций |
__ |
| a |
Классификационный индекс |
65.050.9(2)2я73 |
| 700 |
Автор |
_1 |
| a |
Фамилия |
Ватолина |
| b |
Имя |
М. В. |
| g |
Полное личное имя |
Марина Владимировна |
| 801 |
Источник записи |
_0 |
| a |
Страна |
RU |
| b |
Организация |
РУК |
| c |
Дата составления |
20160720 |
| g |
Правила каталогизации |
PSBO |
| 801 |
Источник записи |
_1 |
| a |
Страна |
RU |
| b |
Организация |
РУК |
| g |
Правила каталогизации |
PSBO |
| 852 |
Данные о местонахождении |
__ |
| i |
Авторский знак |
В 21 |
| j |
Шифр хранения |
ББК 65.050 |
| 901 |
Тип документа |
__ |
| t |
Тип документа |
m |
| 937 |
Технологическая информация |
__ |
| a |
Создатель записи (имя) |
Мясникова |
| 938 |
Служебная информация |
__ |
| a |
Название организации |
Головной вуз |
| 952 |
Тип литературы |
__ |
| c |
Вид литературы |
учебное пособие |